书目信息 |
| 题名: |
下楼谈恋爱
|
|
| 作者: | 刘若英 著 | |
| 分册: | ||
| 出版信息: | 北京 知识出版社 2004 |
|
| 页数: | 155页 | |
| 开本: | 20cm | |
| 丛书名: | ||
| 单 册: | ||
| 中图分类: | I267 | |
| 科图分类: | ||
| 主题词: | 散文--中国--现代--选集 | |
| 电子资源: | ||
| ISBN: | 7-5015-4049-7 | |
| 000 | 00761nam0 2200229 450 | |
| 001 | 0137978008 | |
| 005 | 20080825124056.06 | |
| 010 | @a7-5015-4049-7@dCNY24.00 | |
| 100 | @a20050323d2004 km y0chiy0120 ea | |
| 101 | 0 | @achi |
| 102 | @aCN@b110000 | |
| 105 | @aa z 000cy | |
| 200 | 1 | @a下楼谈恋爱@Axia lou tan lian ai@f刘若英著@Fliu ruo ying zhu |
| 210 | @a北京@c知识出版社@d2004 | |
| 215 | @a155页@c彩图@d20cm | |
| 306 | @a经台湾尖端出版股份有限公司授权出版 | |
| 330 | @a本书内含有30篇散文作品。即《一个人住》、《点一根烟》、《我的好朋友谈恋爱了》、《拥抱的距离》、《火车》、《你过得好吗》等。 | |
| 606 | 0 | @a散文@y中国@z现代@x选集 |
| 690 | @aI267@v4 | |
| 701 | 0 | @a刘若英@Aliu ruo ying@4著 |
| 801 | 0 | @aCN@bRULIN@c20080825 |
| 905 | @aZUCC@dI267@eL668 | |
| 下楼谈恋爱/刘若英著.-北京:知识出版社,2004 |
| 155页:彩图;20cm |
| ISBN 7-5015-4049-7:CNY24.00 |
| 本书内含有30篇散文作品。即《一个人住》、《点一根烟》、《我的好朋友谈恋爱了》、《拥抱的距离》、《火车》、《你过得好吗》等。 |
| ● |
| 相关链接 |
|
|
|
正题名:下楼谈恋爱
索取号:I267/L668
 
预约/预借
| 序号 | 登录号 | 条形码 | 馆藏地/架位号 | 状态 | 备注 |
| 1 | 717093 | 207170933 | 社科二线400B/400B社科库 25排4列6层/ [索取号:I267/L668] | 在馆 | |
| 2 | 717094 | 207170942 | 社科二线400B/400B社科库 25排4列2层/ [索取号:I267/L668] | 在馆 | |
| 3 | 717095 | 207170951 | 社科二线400B/400B社科库 25排4列2层/ [索取号:I267/L668] | 在馆 |